Economía, (Registro nro. 7846)
[ vista simple ]
| 000 -LEADER | |
|---|---|
| fixed length control field | 02268nam a2200241Ia 4500 |
| 005 - FECHA Y HORA DE LA ÚLTIMA TRANSACCIÓN | |
| control field | 20250621084139.0 |
| 008 - FIXED-LENGTH DATA ELEMENTS--GENERAL INFORMATION | |
| fixed length control field | 230417s9999 xx 000 0 und d |
| 020 ## - INTERNATIONAL STANDARD BOOK NUMBER | |
| International Standard Book Number | 970-10-1300-0 |
| 040 ## - CATALOGING SOURCE | |
| Original cataloging agency | UPAN |
| Transcribing agency | Biblioteca San Vicente |
| Description conventions | RCAA2 |
| 041 ## - LANGUAGE CODE | |
| Language code of text/sound track or separate title | spa |
| 082 ## - DEWEY DECIMAL CLASSIFICATION NUMBER | |
| Classification number | 330 |
| Item number | C4646e |
| año de publicación | 1997 |
| 100 ## - MAIN ENTRY--PERSONAL NAME | |
| Personal name | Clement C. Norris |
| Relator code | aut. |
| 245 #0 - TITLE STATEMENT | |
| Title | Economía, |
| Remainder of title | Enfoque América Latina./ |
| Statement of responsibility, etc | Norris C. Clement, John Charles Pool |
| 250 ## - EDITION STATEMENT | |
| Edition statement | 4ª ed. |
| 260 ## - PUBLICATION, DISTRIBUTION, ETC. (IMPRINT) | |
| Place of publication, distribution, etc | México: |
| Name of publisher, distributor, etc | McGraw Hill, |
| Date of publication, distribution, etc | 1998 |
| 300 ## - PHYSICAL DESCRIPTION | |
| Extent | 496 p.; |
| Dimensions | 24 cm. |
| 505 ## - FORMATTED CONTENTS NOTE | |
| Formatted contents note | I. Introducción a la economía.<br/>Capitulo 1. Introducción.<br/>Capitulo 2. La economía como ciencia.<br/>Capitulo 3. El problema económico.<br/>II. La teoría económica en su contexto histórico.<br/>Capitulo 4. Aparición de la teoría económica.<br/>Capitulo 5. Desarrollo de la teoría capitalista.<br/>Capitulo 6. La critica marxista.<br/>Capitulo 7. La economía latinoamericana en el contexto global.<br/>Capitulo 8. La economía global después de la Segunda Guerra Mundial.<br/>Capitulo 9. Paradigmas antagónicos en América Latina.<br/>III. Teoría Microeconómica.<br/>Capitulo 10. El sistema de mercado.<br/>Capitulo 11. Elasticidad: una herramienta importante.<br/>Capitulo 12. Detrás de la curva de demanda.<br/>IV. Teoría de la empresa.<br/>Capitulo 13. Empresas lucrativas: productividad y costos.<br/>Capitulo 14. Competencia perfecta.<br/>Capitulo 15. El monopolio y la competencia monopolística.<br/>Capitulo 16. Oligopolio.<br/>Capitulo 17. Interés, renta (ingresos) y utilidades.<br/>V. Teorías y políticas macroeconómicas.<br/>Capitulo 18. Contabilidad del ingreso nacional.<br/>Capitulo 19. Teoría macroeconómica básica.<br/>Capitulo 20. Oferta y demanda agregadas.<br/>Capitulo 21. Economía pública: finanzas y decisión<br/>VI. Economía monetaria.<br/>Capitulo 22. El dinero y la banca.<br/>Capitulo 23. Política monetaria.<br/>Capitulo 24. Nexos macrointernacionales.<br/>VII. La economía mundial.<br/>Capitulo 25. Teoría del comercio internacional.<br/>Capitulo 26. Finanzas internacionales.<br/>Capitulo 27. El desarrollo económico.<br/>Capitulo 28. Aspectos de la política económica en la década de 1990. |
| 650 ## - SUBJECT ADDED ENTRY--TOPICAL TERM | |
| Source of heading or term | LEMB |
| Form subdivision | Economía - Teorías |
| 650 ## - SUBJECT ADDED ENTRY--TOPICAL TERM | |
| Source of heading or term | LEMB |
| General subdivision | Macroeconomía |
| 650 ## - SUBJECT ADDED ENTRY--TOPICAL TERM | |
| Source of heading or term | LEMB |
| General subdivision | Microeconomía |
| 700 ## - ADDED ENTRY--PERSONAL NAME | |
| Personal name | Pool, John Charles |
| Relator code | aut. |
| 942 ## - ADDED ENTRY ELEMENTS (KOHA) | |
| Koha item type | Libros |
| Source of classification or shelving scheme | Dewey Decimal Classification |
| Withdrawn status | Lost status | Source of classification or shelving scheme | Damaged status | Not for loan | Collection code | Home library | Current library | Date acquired | Total Checkouts | Full call number | Barcode | Date last seen | Price effective from | Koha item type | Copy number |
|---|---|---|---|---|---|---|---|---|---|---|---|---|---|---|---|
| Dewey Decimal Classification | Colección General | Biblioteca UPAN San Vicente | Biblioteca UPAN San Vicente | 17/04/2023 | 330 C4646e | 12000371 | 17/04/2023 | 17/04/2023 | Libros | ||||||
| Dewey Decimal Classification | Colección General | Biblioteca UPAN San Vicente | Biblioteca UPAN San Vicente | 18/04/2023 | 330 C4646e | 12000370 | 18/04/2023 | 18/04/2023 | Libros | 01 |